000 00497nam a2200169Ia 4500
005 20250923144431.0
008 008 250917s9999 xx 000 0 eng d
037 _aTextual
040 _aDSWL
_beng
_cDSWL
041 _aeng
_2eng
084 _aYX,zf4.2'N44t, N45
_qDSWL
245 0 _aReport on blindness in India
_cby Central Advisory Board of Health and Education
260 _c1945
300 _a111 p.
942 _cTEXL
_hYX,zf4.2'N44t, N45
999 _c1438837
_d1438837